[Event "Polanica Zdroj op-B 46th"]
[Site "Polanica Zdroj"]
[Date "2010.08.25"]
[Round "8"]
[White "Proczek, Mateusz"]
[Black "Nowakowski, Andrzej"]
[Result "0-1"]
[WhiteElo "1664"]
[BlackElo "1950"]
[PlyCount "62"]
[EventDate "2010.08.18"]
[EventType "swiss"]
[EventRounds "9"]
[EventCountry "POL"]
[SourceTitle "CBM 138 Extra"]
[Source "ChessBase"]
[SourceDate "2010.10.29"]
[SourceVersion "1"]
[SourceVersionDate "2010.10.29"]
[SourceQuality "1"]

1. e4 d6 2. Nf3 Nf6 3. Nc3 g6 4. d4 Bg7 5. h3 0-0 6. Bd3 c6 7. 0-0 Na6 8. Bxa6 bxa6 9. Re1 Rb8 10. Rb1 Qa5 11. Bd2 Qc7 12. a3 e5 13. dxe5 dxe5 14. Qe2 Ne8 15. Qc4 Nd6 16. Qc5 Re8 17. Nd5 Qd7 18. Nb4 Rb6 19. Bc3 Nb7 20. Qe3 h6 21. Nd3 f6 22. Rbd1 Qf7 23. Nc5 Nxc5 24. Qxc5 Bf8 25. Qe3 c5 26. b3 g5 27. Nd2 Be6 28. Qe2 h5 29. Rb1 Reb8 30. b4 c4 31. Nf3 a5 0-1